| 000 | 01561nam a2200397 i 4500 | ||
|---|---|---|---|
| 001 | 196175 | ||
| 003 | ES-MaACL | ||
| 005 | 20250809052934.0 | ||
| 008 | 240817s2022 sp a | |||| 000 0 spa | ||
| 015 | _aMON22 | ||
| 017 |
_aM 28423-2022 _bOficina Depósito Legal Madrid |
||
| 020 | _a9788412304992 | ||
| 035 | _a(SpMaBN)a7244399 | ||
| 035 | _a991047618169708606 | ||
| 040 |
_aSpMaBN _bspa _cSpMaBN _erda |
||
| 080 | _a929 Raskin, Jamie | ||
| 080 | _a32(73)"20" | ||
| 100 |
_aRaskin, Jamie _9238428 _eaut |
||
| 240 | 1 | 0 |
_aUnthinkable _lEspañol |
| 245 | 1 | 0 |
_aLo impensable : _bel trauma, la verdad y las tribulaciones de la democracia estadounidense / _cJamie B. Raskin ; presentación, Joaquín González Ibáñez ; traducción, Rosa María Bautista Cordero. |
| 264 | 1 |
_a[Madrid] : _bBerg Institute, _c[2022]. |
|
| 264 | 4 | _c©2022 | |
| 300 |
_a464 páginas : _bfotografías (color) ; _c24 cm. |
||
| 336 |
_aTexto _aImagen fija _2rdacontent |
||
| 337 |
_asin mediación _2rdamedia |
||
| 338 |
_avolumen _2rdacarrier |
||
| 490 | 1 |
_aBiblioteca literatura y derechos humanos ; _v19 |
|
| 651 | 0 |
_aEstados Unidos- _xPolítica y gobierno- _yS.XXI _9238429 |
|
| 830 | 0 |
_aBiblioteca literatura y derechos humanos _v19 _9238888 |
|
| 852 |
_aES-MaACL _bR.154543 _cDEPOJ _jN-9249 _hDonación: Editorial _xEncuadernación cartoné _9205206 |
||
| 942 |
_cMONOGRAFIA _n0 |
||
| 999 |
_c196175 _d196175 |
||